[Event "ICS rated blitz match"]
[Site "204.178.125.65"]
[Date "2000.07.15"]
[Round "?"]
[White "Kalantaryan"]
[Black "Hossa"]
[Result "0-1"]
[WhiteElo "2356"]
[BlackElo "2411"]
[PlyCount "142"]
[EventDate "2000.??.??"]

1. d4 Nf6 2. c4 d6 3. Nf3 Nbd7 4. Bf4 Nh5 5. Be3 e5 6. Nc3 Nhf6 7. Rg1 Ng4 8.
Bg5 Be7 9. Bxe7 Qxe7 10. h3 Ngf6 11. e3 exd4 12. Nxd4 Ne5 13. Qc2 O-O 14. O-O-O
Be6 15. b3 Rad8 16. f4 Nc6 17. g4 Nb4 18. Qf2 d5 19. g5 Ne4 20. Nxe4 dxe4 21.
f5 Bd7 22. f6 Qe5 23. fxg7 Kxg7 24. Qb2 Kh8 25. a3 Na6 26. h4 c6 27. Be2 Kg8
28. h5 c5 29. Nb5 Qxb2+ 30. Kxb2 Bxb5 31. cxb5 Nc7 32. Bc4 Kg7 33. Rdf1 Rd2+
34. Kc3 Rd6 35. Rf5 b6 36. Rgf1 Rd7 37. h6+ Kg6 38. Rf6+ Kxg5 39. R1f5+ Kh4 40.
Rf4+ Kg5 41. R4f5+ Kh4 42. Rf4+ Kg5 43. R4f5+ Kh4 44. Kc2 Ne8 45. Rf4+ Kg3 46.
Rxf7 Rdxf7 47. Bxf7 Nd6 48. Bh5 Rxf4 49. exf4 Kxf4 50. a4 Kg5 51. Be2 Kxh6 52.
Kd2 Kg5 53. Ke3 h5 54. Bf1 Nf5+ 55. Kf2 Kf4 56. Bh3 Nd4 57. Bd7 Nxb3 58. Ke2
Nd4+ 59. Kf2 e3+ 60. Kg2 e2 61. Kf2 Ke4 62. Be8 h4 63. Bg6+ Kf4 64. Bf7 Ke5 65.
Bh5 h3 66. Bxe2 Nxe2 67. Kf3 Nf4 68. Kg3 c4 69. Kf3 h2 70. Kg4 h1=Q 71. Kg5
Qh5# 0-1

[Event "ICS rated blitz match"]
[Site "204.178.125.65"]
[Date "2000.07.15"]
[Round "?"]
[White "Hossa"]
[Black "Kalantaryan"]
[Result "1-0"]
[WhiteElo "2424"]
[BlackElo "2341"]
[PlyCount "85"]
[EventDate "2000.??.??"]

1. e4 Nc6 2. Nf3 d6 3. d4 Nf6 4. Nc3 Bg4 5. Be2 e6 6. d5 exd5 7. exd5 Bxf3 8.
Bxf3 Ne5 9. Be2 Be7 10. O-O O-O 11. Re1 c5 12. a4 a6 13. b3 Re8 14. a5 Bf8 15.
Bd2 g6 16. Qc1 Bg7 17. Bh6 Bh8 18. Qd2 Neg4 19. Bg5 Qc7 20. Ra4 Ne5 21. Bh6 Re7
22. Ne4 Nxe4 23. Rxe4 Rae8 24. Re3 Nd7 25. Rxe7 Rxe7 26. Bxa6 Ne5 27. Be2 f5
28. a6 bxa6 29. Bg5 Re8 30. Bxa6 Ra8 31. Bb5 Nf7 32. Bf4 Bd4 33. Bc6 Ra7 34.
Re8+ Kg7 35. Ba4 Qb6 36. Be3 Bf6 37. Qd3 Ne5 38. Qe2 Qb4 39. h3 f4 40. Bc1 Qd4
41. Qd2 Qa1 42. Qxf4 Rf7 43. Qh6# 1-0

[Event "ICS rated blitz match"]
[Site "204.178.125.65"]
[Date "2000.07.15"]
[Round "?"]
[White "Kalantaryan"]
[Black "Hossa"]
[Result "0-1"]
[WhiteElo "2329"]
[BlackElo "2436"]
[PlyCount "26"]
[EventDate "2000.??.??"]

1. d4 Nf6 2. c4 d6 3. Nf3 Nbd7 4. Bf4 Nh5 5. Be3 e5 6. g4 Nhf6 7. h3 exd4 8.
Nxd4 Nb6 9. Qc2 d5 10. c5 Nc4 11. b4 Nxe3 12. fxe3 Ne4 13. Nf3 Qf6 {
Kalantaryan resigns} 0-1

[Event "ICS rated blitz match"]
[Site "204.178.125.65"]
[Date "2000.07.15"]
[Round "?"]
[White "Hossa"]
[Black "salzi"]
[Result "1-0"]
[WhiteElo "2447"]
[BlackElo "1985"]
[PlyCount "69"]
[EventDate "2000.??.??"]

1. e4 c5 2. Nf3 d6 3. d4 cxd4 4. Nxd4 Nf6 5. Nc3 a6 6. Be2 e5 7. Nb3 Be6 8. O-O
Nbd7 9. Bg5 Be7 10. Qd2 h6 11. Bh4 Qc7 12. Rac1 O-O 13. Qd3 Rfd8 14. Rcd1 b5
15. Nd5 Bxd5 16. exd5 Nxd5 17. Bxe7 Nxe7 18. Qxd6 Qxd6 19. Rxd6 Nf6 20. Rxd8+
Rxd8 21. c4 bxc4 22. Bxc4 Nf5 23. Bxa6 Ra8 24. Nc5 Nd7 25. Nxd7 Rxa6 26. a3 f6
27. g3 Nd4 28. Kg2 Rd6 29. Nc5 Rc6 30. Rc1 Kf7 31. b4 Ke7 32. a4 Kd6 33. a5 Kd5
34. a6 Nb5 35. g4 {salzi resigns} 1-0

[Event "ICS rated standard match"]
[Site "204.178.125.65"]
[Date "2000.07.15"]
[Round "?"]
[White "Hossa"]
[Black "RadMan"]
[Result "0-1"]
[WhiteElo "2399"]
[BlackElo "2262"]
[PlyCount "184"]
[EventDate "2000.??.??"]

1. e4 e6 2. d3 d5 3. Nd2 Nc6 4. Ngf3 e5 5. c3 Nf6 6. exd5 Qxd5 7. Be2 Be7 8.
O-O O-O 9. Nc4 Be6 10. Ng5 Rad8 11. Ne3 Qd7 12. Nxe6 Qxe6 13. Re1 Bc5 14. b4
Bxe3 15. Bxe3 e4 16. Qc2 exd3 17. Bxd3 Rfe8 18. Bf5 Qd6 19. Rad1 Qe5 20. Bd2
Qb5 21. Rxe8+ Rxe8 22. Bf4 Qc4 23. Bg3 Nd5 24. b5 Qxc3 25. Bxh7+ Kh8 26. Qb1
Nd4 27. Be4 Ne2+ 28. Kh1 Nxg3+ 29. hxg3 c6 30. bxc6 bxc6 31. Bf3 Kg8 32. Qb7
Qc5 33. Kg1 Rd8 34. a3 a5 35. Be4 Re8 36. Bf3 Qxa3 37. Qxc6 Nf6 38. Qc7 Qb4 39.
Qc1 a4 40. Rd2 a3 41. Kf1 Qb3 42. Qa1 Rb8 43. Bd1 Qb5+ 44. Re2 Qb1 45. Qxb1
Rxb1 46. Ra2 Rxd1+ 47. Ke2 Rg1 48. Rxa3 Rxg2 49. Kf1 Rh2 50. Kg1 Rh5 51. Ra6
Rd5 52. Kf1 Kh7 53. Kg2 Kg6 54. g4 Kg5 55. f3 Kf4 56. Ra4+ Ke3 57. Kg3 g5 58.
Ra1 Nd7 59. Re1+ Kd4 60. Rc1 Nc5 61. Rb1 Nd3 62. Rb7 f6 63. Rf7 Ke5 64. Re7+
Kd6 65. Rf7 Ke6 66. Ra7 Ne5 67. Rb7 Rd3 68. Rb6+ Kf7 69. Rb7+ Kg6 70. Kg2 Rxf3
71. Rb8 Rf4 72. Rg8+ Kf7 73. Ra8 Rxg4+ 74. Kf2 Rc4 75. Ra2 f5 76. Ke2 f4 77.
Ra7+ Ke6 78. Ra8 g4 79. Kd2 Nf3+ 80. Kd3 Rd4+ 81. Kc3 g3 82. Rg8 Kf5 83. Kb3
Ng5 84. Kc3 Rd1 85. Kc2 Rh1 86. Rd8 g2 87. Rd2 g1=Q 88. Rd5+ Ke4 89. Kb3 Qb6+
90. Rb5 Qxb5+ 91. Kc2 Rb1 92. Kc3 Qd3# {Hossa checkmated} 0-1

[Event "ICS rated blitz match"]
[Site "204.178.125.65"]
[Date "2000.07.15"]
[Round "?"]
[White "Hossa"]
[Black "DeepOrange"]
[Result "0-1"]
[WhiteElo "2453"]
[BlackElo "2301"]
[PlyCount "136"]
[EventDate "2000.??.??"]

1. d4 Nf6 2. c4 e6 3. Nf3 c5 4. d5 exd5 5. cxd5 d6 6. Nc3 g6 7. e4 Bg7 8. Bg5
h6 9. Bb5+ Bd7 10. Bxf6 Bxf6 11. Bxd7+ Nxd7 12. O-O O-O 13. Qb3 Nb6 14. a4 a5
15. Nd2 Kh7 16. Nc4 Nxc4 17. Qxc4 Bd4 18. Qb3 Ra6 19. Nb5 Rb6 20. Qc2 Be5 21.
f4 Bg7 22. f5 Bf6 23. Ra3 Qe7 24. fxg6+ fxg6 25. Raf3 Kg7 26. Qc4 Ra6 27. Qe2
Raa8 28. Qc2 Be5 29. R1f2 Rxf3 30. gxf3 Qg5+ 31. Kf1 Qe3 32. Nc7 Rc8 33. Ne6+
Kh8 34. Qd2 Qxd2 35. Rxd2 g5 36. Rc2 Rb8 37. Kg2 b5 38. b3 Kg8 39. Rf2 bxa4 40.
bxa4 c4 41. Rc2 c3 42. Rc1 Rb2+ 43. Kg1 Rd2 44. f4 gxf4 45. Nxf4 Bxf4 46. Rxc3
Rd4 47. Rc8+ Kf7 48. Rc2 Rxe4 49. Ra2 Kf6 50. Kh1 Ke5 51. Kg2 Kxd5 52. Kf3 Ke5
53. Kg2 d5 54. h3 Re3 55. h4 Ke4 56. Kf1 d4 57. h5 d3 58. Ra1 d2 59. Rd1 Kd3
60. Kg2 Ke2 61. Rxd2+ Kxd2 62. Kg1 Rg3+ 63. Kh2 Ra3+ 64. Kg1 Re3 65. Kh1 Re2
66. Kg1 Ke3 67. Kf1 Kf3 68. Kg1 Re1# {Hossa checkmated} 0-1

[Event "ICS rated standard match"]
[Site "204.178.125.65"]
[Date "2000.07.15"]
[Round "?"]
[White "Hossa"]
[Black "manhu"]
[Result "1-0"]
[WhiteElo "2377"]
[BlackElo "1881"]
[PlyCount "45"]
[EventDate "2000.??.??"]

1. d4 Nf6 2. c4 g6 3. Nc3 Bg7 4. e4 O-O 5. Bg5 d6 6. f3 c5 7. dxc5 dxc5 8. Qxd8
Rxd8 9. e5 Nfd7 10. Bxe7 Re8 11. Nd5 Bxe5 12. O-O-O Nb6 13. Bxc5 Nxc4 14. Bxc4
Be6 15. Bd4 Bxd4 16. Rxd4 Nc6 17. Nf6+ Kg7 18. Nxe8+ Rxe8 19. Re4 Rc8 20. Bxe6
fxe6 21. Ne2 Nb4+ 22. Kb1 Nd3 23. Re3 {manhu resigns} 1-0

[Event "ICS rated standard match"]
[Site "204.178.125.65"]
[Date "2000.07.15"]
[Round "?"]
[White "manhu"]
[Black "Hossa"]
[Result "0-1"]
[WhiteElo "1879"]
[BlackElo "2379"]
[PlyCount "28"]
[EventDate "2000.??.??"]

1. e4 e6 2. f4 d5 3. e5 d4 4. Nf3 Nh6 5. Bd3 Nc6 6. a3 Be7 7. O-O O-O 8. b4 f6
9. Bb2 fxe5 10. fxe5 Nf7 11. Qe2 a6 12. b5 axb5 13. Bxb5 Bc5 14. Bxc6 d3+ {
manhu resigns} 0-1

[Event "ICS rated standard match"]
[Site "204.178.125.65"]
[Date "2000.07.15"]
[Round "?"]
[White "Hossa"]
[Black "manhu"]
[Result "1-0"]
[WhiteElo "2381"]
[BlackElo "1877"]
[PlyCount "47"]
[EventDate "2000.??.??"]

1. d4 Nf6 2. c4 g6 3. Nc3 Bg7 4. e4 O-O 5. Bg5 d6 6. f3 Nbd7 7. Nge2 c5 8. d5
Ne8 9. Qd2 Ne5 10. b3 Qa5 11. Bxe7 a6 12. Bxf8 Kxf8 13. f4 Ng4 14. h3 Ngf6 15.
e5 dxe5 16. fxe5 Nh5 17. g4 Bxe5 18. gxh5 Bf5 19. hxg6 fxg6 20. Bg2 Nf6 21. Rd1
Re8 22. O-O Kg7 23. Na4 Ne4 24. Qxa5 {manhu resigns} 1-0

[Event "ICS rated blitz match"]
[Site "204.178.125.65"]
[Date "2000.07.15"]
[Round "?"]
[White "asiota"]
[Black "Hossa"]
[Result "1-0"]
[WhiteElo "2284"]
[BlackElo "2453"]
[PlyCount "153"]
[EventDate "2000.??.??"]

1. d4 Nf6 2. c4 d6 3. Nc3 g6 4. Nf3 Bg7 5. g3 c6 6. Bg2 O-O 7. O-O d5 8. cxd5
cxd5 9. Ne5 Nc6 10. Nxc6 bxc6 11. b3 Bf5 12. Bb2 Qd7 13. Rc1 Bh3 14. Na4 Bxg2
15. Kxg2 Ne4 16. Nc5 Nxc5 17. Rxc5 Rac8 18. Qc2 Qb7 19. Rc1 Qa6 20. a4 Qb6 21.
e3 Qb4 22. Qc3 Qb6 23. b4 Rb8 24. Ba3 Qa6 25. Ra5 Qb6 26. Qxc6 Rfd8 27. Ra6 Qb7
28. Qxb7 Rxb7 29. b5 Bh8 30. Rcc6 Ra8 31. Rc2 g5 32. Rac6 Rab8 33. Rc8+ Kg7 34.
Rxb8 Rxb8 35. Bxe7 Rb7 36. Bxg5 Kg6 37. Bf4 Rd7 38. Rc6+ Kf5 39. Kf3 f6 40. a5
Bg7 41. b6 axb6 42. axb6 Rb7 43. Bc7 Kg6 44. Rd6 Bf8 45. Rxd5 Bb4 46. Rd7 Ba5
47. Rd6 Rxc7 48. bxc7 Bxc7 49. Rc6 Ba5 50. g4 Bd8 51. h4 h6 52. Kf4 Kf7 53. Kf5
Be7 54. Rc8 Bb4 55. Rc7+ Be7 56. d5 Kf8 57. Ke6 Bb4 58. Kxf6 Ke8 59. Ke6 Kd8
60. Rc4 Be1 61. Rc2 Bb4 62. d6 Bxd6 63. Kxd6 Ke8 64. Ke6 Kf8 65. Rc7 Kg8 66.
Kf6 h5 67. g5 Kh8 68. f4 Kg8 69. f5 Kh8 70. g6 Kg8 71. e4 Kf8 72. e5 Ke8 73.
Ke6 Kf8 74. f6 Ke8 75. Kd6 Kd8 76. e6 Ke8 77. Rc8# {Hossa checkmated} 1-0

[Event "ICS rated blitz match"]
[Site "204.178.125.65"]
[Date "2000.07.15"]
[Round "?"]
[White "Hossa"]
[Black "freak"]
[Result "0-1"]
[WhiteElo "2430"]
[BlackElo "2837"]
[PlyCount "110"]
[EventDate "2000.??.??"]

1. d4 d5 2. Nf3 Nf6 3. Bg5 Ne4 4. Bf4 c5 5. dxc5 e6 6. Nbd2 Nxc5 7. e3 Nc6 8.
Bb5 Bd7 9. O-O Qb6 10. Qe2 a6 11. Bxc6 Bxc6 12. Rfb1 Be7 13. c4 Bf6 14. cxd5
exd5 15. Nd4 Bxd4 16. exd4+ Ne6 17. Be5 O-O 18. Qg4 Bb5 19. Re1 f6 20. Bd6 Qxd6
21. Rxe6 Qb4 22. Nb3 Bd7 23. Qe2 Bxe6 24. Qxe6+ Kh8 25. Qxd5 Rfe8 26. Rf1 Re2
27. a3 Qe7 28. Qc4 Rxb2 29. Nc5 Re8 30. g3 Qd8 31. Rd1 b5 32. Qf7 Ree2 33. Nd3
Rbd2 34. Rxd2 Rxd2 35. Nc5 Qa8 36. f3 Rxd4 37. Ne6 Rd1+ 38. Kf2 Qg8 39. Qe7
Rd2+ 40. Ke3 Rxh2 41. g4 Rh1 42. Kf2 a5 43. Ke2 b4 44. axb4 a4 45. Qd7 a3 46.
g5 a2 47. gxf6 gxf6 48. Qe7 Qg2+ 49. Ke3 Re1+ 50. Kd4 a1=Q+ 51. Kc5 Qc2+ 52.
Kb6 Qa6+ 53. Kxa6 Qc6+ 54. Ka7 Ra1+ 55. Kb8 Ra8# {Hossa checkmated} 0-1

[Event "ICS rated blitz match"]
[Site "204.178.125.65"]
[Date "2000.07.15"]
[Round "?"]
[White "KCtan"]
[Black "Hossa"]
[Result "1/2-1/2"]
[WhiteElo "2306"]
[BlackElo "2427"]
[PlyCount "88"]
[EventDate "2000.??.??"]

1. d4 Nf6 2. Nf3 e6 3. Bg5 Be7 4. Nbd2 d5 5. e3 Nbd7 6. Bd3 c5 7. c3 cxd4 8.
exd4 h6 9. Bh4 g5 10. Bg3 Nh5 11. Qe2 g4 12. Ne5 Nxg3 13. hxg3 Nxe5 14. Qxe5
Bf6 15. Qe2 Bd7 16. Nb3 Qe7 17. O-O-O h5 18. Nc5 O-O-O 19. Bb5 Bxb5 20. Qxb5
Bg5+ 21. Kb1 Qc7 22. Rhe1 Be7 23. Nd3 Kb8 24. Ne5 Bf6 25. Qd3 Rc8 26. Qe3 Bxe5
27. Qxe5 Qxe5 28. Rxe5 Rh6 29. Rh1 Rf6 30. Re2 Rf5 31. Kc1 b5 32. a3 Kb7 33.
Kd2 a5 34. Rf1 Rc4 35. f4 Rc8 36. Rh1 Kc7 37. Re5 Rxe5 38. fxe5 Rh8 39. Ke3 Kd7
40. Kf4 Kd8 41. Rh4 Ke7 42. Kg5 Rg8+ 43. Kf4 Rh8 44. Kg5 Rg8+ 1/2-1/2

[Event "ICS rated blitz match"]
[Site "204.178.125.65"]
[Date "2000.07.15"]
[Round "?"]
[White "Hossa"]
[Black "ChessTheorist"]
[Result "1-0"]
[WhiteElo "2422"]
[BlackElo "2347"]
[PlyCount "107"]
[EventDate "2000.??.??"]

1. d4 Nf6 2. c4 e6 3. Nf3 b6 4. g3 Ba6 5. b3 d5 6. cxd5 exd5 7. Bg2 Bb4+ 8. Bd2
Bd6 9. O-O O-O 10. Nc3 Re8 11. Re1 Nbd7 12. a3 Rc8 13. Nh4 c6 14. Qc2 Bf8 15.
Nf5 Bb7 16. Bg5 h6 17. Bf4 c5 18. Red1 c4 19. bxc4 Rxc4 20. Qb3 Rc8 21. Ra2 Re6
22. Nxd5 Nxd5 23. Bxd5 Bxd5 24. Qxd5 Qe8 25. Qf3 Rec6 26. e4 Rc3 27. Rd3 Rc2
28. Rxc2 Rxc2 29. Qg4 Kh7 30. e5 g6 31. Qd1 Ra2 32. Qb1 Re2 33. Kf1 Qe6 34.
Kxe2 Qxf5 35. Qh1 g5 36. Bc1 b5 37. h4 g4 38. Qa8 Bg7 39. Qxa7 Qe4+ 40. Be3
Qf3+ 41. Kd2 Nf8 42. Qc5 Ne6 43. Qxb5 Qh1 44. Qd7 Qa1 45. Qxf7 Qa2+ 46. Ke1
Qa1+ 47. Rd1 Qc3+ 48. Bd2 Qxd4 49. Qf5+ Kh8 50. Qxe6 Qe4+ 51. Be3 Bxe5 52. Rd8+
Kg7 53. Rd7+ Kf8 54. Qf7# 1-0

[Event "ICS rated blitz match"]
[Site "204.178.125.65"]
[Date "2000.07.15"]
[Round "?"]
[White "platz"]
[Black "Hossa"]
[Result "1/2-1/2"]
[WhiteElo "2230"]
[BlackElo "2435"]
[PlyCount "98"]
[EventDate "2000.??.??"]

1. d4 Nf6 2. c4 d6 3. Nc3 g6 4. e4 Bg7 5. Be2 O-O 6. Bg5 c5 7. dxc5 Qa5 8. Bd2
Qxc5 9. Nf3 Bg4 10. Be3 Qc7 11. Rc1 Nbd7 12. O-O Bxf3 13. Bxf3 Ne5 14. Be2 Nxc4
15. Nd5 Nxd5 16. Rxc4 Nxe3 17. Rxc7 Nxd1 18. Rxd1 Rab8 19. Rxe7 Rfc8 20. b3 Bf8
21. Rd7 Rd8 22. Rc7 Rdc8 23. Rd7 Rd8 24. Rc7 Rdc8 25. Rd7 Rd8 26. Rxd8 Rxd8 27.
Rc1 d5 28. Rc7 dxe4 29. g3 Kg7 30. Bc4 e3 31. Rxf7+ Kh6 32. fxe3 Bc5 33. Kf2
Rf8 34. Rxf8 Bxf8 35. Kf3 Bd6 36. Bd5 b6 37. e4 Kg7 38. h4 Be5 39. g4 h5 40.
gxh5 gxh5 41. Bc6 Kf7 42. Bd5+ Kg7 43. Bc6 Kf7 44. Bd5+ Kg7 45. Bc6 Kf7 46.
Bd5+ Kg7 47. Bc6 Kf7 48. Bd5+ Kg7 49. Bc6 Kf7 1/2-1/2

[Event "ICS Rated Standard match"]
[Site "131.246.89.4"]
[Date "2000.07.15"]
[Round "?"]
[White "OttiFloh"]
[Black "Hossa"]
[Result "0-1"]
[WhiteElo "2199"]
[BlackElo "2026"]
[PlyCount "70"]
[EventDate "2000.??.??"]

1. e4 e6 2. b3 d5 3. Bb2 dxe4 4. Nc3 Nf6 5. Qe2 Be7 6. Nxe4 O-O 7. Nf3 Nc6 8.
O-O-O a5 9. Qc4 a4 10. bxa4 Nd5 11. Re1 Nb6 12. Qc3 f6 13. Qb3 Rxa4 14. d4 Bd7
15. a3 Na5 16. Qa2 Nbc4 17. Bxc4 Nxc4 18. Ned2 Nxa3 19. Qb3 Qa8 20. Kd1 Ra6 21.
Qd3 Bb5 22. Qe4 Rd8 23. Bxa3 Bxa3 24. c4 Be8 25. Ke2 Bb4 26. Qe3 Ra3 27. Qf4
Bg6 28. Kf1 e5 29. dxe5 fxe5 30. Qxe5 Bxd2 31. Nxd2 Rxd2 32. Qxc7 Qf8 33. Qb6
Raa2 34. Kg1 Rxf2 35. h4 Rxg2# {OttiFloh checkmated} 0-1

[Event "ICS rated blitz match"]
[Site "204.178.125.65"]
[Date "2000.07.16"]
[Round "?"]
[White "Hossa"]
[Black "PostModernist"]
[Result "1-0"]
[WhiteElo "2427"]
[BlackElo "2677"]
[PlyCount "125"]
[EventDate "2000.??.??"]

1. d4 Nf6 2. c4 g6 3. Nc3 d5 4. cxd5 Nxd5 5. Bd2 Nb6 6. Nf3 Bg7 7. Bf4 O-O 8.
e4 Bg4 9. Be3 c6 10. h3 Be6 11. Bf4 a5 12. Be2 f5 13. Ng5 Qd7 14. Bc7 Nc8 15.
Nxe6 Qxe6 16. e5 Nd7 17. Qb3 Qxb3 18. axb3 Ncb6 19. Bc4+ Nxc4 20. bxc4 c5 21.
e6 cxd4 22. exd7 dxc3 23. Rxa5 cxb2 24. Ke2 Rad8 25. Rd5 Kf7 26. Rb1 e6 27. Rd3
Rg8 28. f4 Ke7 29. Rbd1 h6 30. g3 g5 31. Bxd8+ Rxd8 32. c5 gxf4 33. gxf4 h5 34.
R3d2 Bc3 35. Rd6 Bh8 36. Ke3 Bg7 37. R6d3 e5 38. Rd5 Ke6 39. Rd6+ Ke7 40. fxe5
Bxe5 41. R6d3 h4 42. Ke2 Ke6 43. Kf3 f4 44. Ke4 Bc7 45. Rb1 Be5 46. Rd5 Bc3 47.
Rbd1 f3 48. Rd6+ Ke7 49. Kxf3 Be5 50. R6d3 Ke6 51. Kg4 Bf6 52. Rd6+ Ke7 53. Kf5
Bc3 54. Re6+ Kf7 55. Rb6 Bg7 56. Rxb7 Bc3 57. c6 Ba5 58. Rxb2 Rf8 59. Rb7 Ke7+
60. Kg5 Rd8 61. Kxh4 Kf6 62. Kg4 Kf7 63. Kf5 1-0

[Event "ICS rated blitz match"]
[Site "204.178.125.65"]
[Date "2000.07.16"]
[Round "?"]
[White "PostModernist"]
[Black "Hossa"]
[Result "1-0"]
[WhiteElo "2651"]
[BlackElo "2453"]
[PlyCount "167"]
[EventDate "2000.??.??"]

1. d4 Nf6 2. c4 g6 3. Nc3 Bg7 4. e4 d6 5. Be2 O-O 6. Nf3 e5 7. O-O exd4 8. Nxd4
Re8 9. f3 Bd7 10. Be3 Nc6 11. Qd2 Nxd4 12. Bxd4 Qe7 13. Rfd1 Qf8 14. c5 Rec8
15. Qf4 Ne8 16. cxd6 cxd6 17. Bxg7 Qxg7 18. a4 Be6 19. Bb5 Bb3 20. Rd2 g5 21.
Qe3 Qe5 22. Bxe8 Rxe8 23. Nb5 Qc5 24. Rd3 Be6 25. Qxc5 dxc5 26. Nc7 Red8 27.
Rc3 Rac8 28. Rxc5 h6 29. Rac1 Ba2 30. a5 Rd3 31. h3 Rcd8 32. Kh2 Kg7 33. Kg3 a6
34. R5c2 f6 35. Rc3 Bf7 36. Rxd3 Rxd3 37. Rc5 h5 38. Kh2 h4 39. b4 Rb3 40. b5
axb5 41. Nxb5 Kh6 42. Nd6 Be6 43. Rc7 Ra3 44. Nxb7 Bg8 45. Rc6 Kg7 46. a6 Ra1
47. Nd6 Be6 48. Nf5+ Bxf5 49. exf5 Ra2 50. Rc7+ Kh6 51. a7 Ra1 52. Re7 g4 53.
hxg4 Kg5 54. g3 hxg3+ 55. Kxg3 Rg1+ 56. Kf2 Ra1 57. Ke3 Ra4 58. Rg7+ Kh6 59.
Rd7 Kg5 60. Kf2 Ra1 61. Rg7+ Kf4 62. g5 Ra2+ 63. Ke1 Ke5 64. f4+ Kxf5 65. Kd1
Ra1+ 66. Kc2 fxg5 67. fxg5 Kg4 68. Kb3 Kf5 69. Kb4 Kg4 70. Kb5 Kf5 71. Kb6 Ke5
72. Rf7 Ke6 73. g6 Ra2 74. Kb7 Rb2+ 75. Kc8 Rg2 76. a8=Q Rg4 77. Qc6+ Ke5 78.
Qf6+ Kd5 79. Qf5+ Kc4 80. Qxg4+ Kd5 81. Rf5+ Kc6 82. Qc4+ Kd6 83. Qc7+ Ke6 84.
Qe5# {Hossa checkmated} 1-0

[Event "ICS rated blitz match"]
[Site "204.178.125.65"]
[Date "2000.07.16"]
[Round "?"]
[White "mailyn"]
[Black "Hossa"]
[Result "1/2-1/2"]
[WhiteElo "1912"]
[BlackElo "2445"]
[PlyCount "44"]
[EventDate "2000.??.??"]

1. e4 e6 2. d4 d5 3. Nc3 Nc6 4. Nf3 Nf6 5. exd5 exd5 6. Bb5 Be7 7. O-O Bg4 8.
h3 Bxf3 9. Qxf3 O-O 10. Bxc6 bxc6 11. Bg5 Re8 12. Rfe1 Qd7 13. Re2 Rab8 14. b3
h6 15. Bh4 Nh7 16. Bxe7 Rxe7 17. Rae1 Ng5 18. Qf4 Ne6 19. Qh4 Rb4 20. Rd2 Ng5
21. Rde2 Ne6 22. Rd2 Ng5 1/2-1/2

[Event "ICS rated blitz match"]
[Site "204.178.125.65"]
[Date "2000.07.16"]
[Round "?"]
[White "Kalantaryan"]
[Black "Hossa"]
[Result "0-1"]
[WhiteElo "2331"]
[BlackElo "2442"]
[PlyCount "65"]
[EventDate "2000.??.??"]

1. d4 Nf6 2. c4 d6 3. Nc3 g6 4. Nf3 Bg7 5. Bf4 O-O 6. e3 Ng4 7. h3 e5 8. Bg3
exd4 9. exd4 Nh6 10. Be2 Nf5 11. Bf4 Nc6 12. d5 Ncd4 13. O-O Re8 14. Bd3 Nxf3+
15. Qxf3 Nd4 16. Qd1 a6 17. Ne4 b5 18. cxb5 axb5 19. Bg5 f6 20. Bh4 g5 21. Bg3
f5 22. Nc3 b4 23. Nb5 Nxb5 24. Bxb5 Bxb2 25. Bxe8 Qxe8 26. Rb1 Bc3 27. f4 Rxa2
28. fxg5 Bb7 29. Qd3 Rd2 30. Qxf5 Bxd5 31. Bf2 Be4 32. Rbe1 d5 33. Qxd5+ {
Kalantaryan resigns} 0-1

[Event "ICS rated blitz match"]
[Site "204.178.125.65"]
[Date "2000.07.16"]
[Round "?"]
[White "Hossa"]
[Black "SeaHawk"]
[Result "1-0"]
[WhiteElo "2453"]
[BlackElo "2473"]
[PlyCount "83"]
[EventDate "2000.??.??"]

1. e4 d6 2. d4 c6 3. Nc3 Qc7 4. Nf3 e6 5. Be2 Be7 6. O-O Nd7 7. Bf4 b5 8. e5 d5
9. Qd2 h6 10. a3 a5 11. a4 b4 12. Na2 c5 13. Bb5 c4 14. Nc1 Bd8 15. Qd1 Ne7 16.
Be3 Nf5 17. Ne2 Ba6 18. Bxa6 Rxa6 19. Ng3 Nf8 20. Nxf5 exf5 21. Qe2 Rg6 22. Bc1
Ne6 23. c3 b3 24. h4 Rg4 25. g3 Re4 26. Qd1 f4 27. Nd2 g5 28. Nxe4 dxe4 29. h5
O-O 30. d5 Nc5 31. gxf4 gxf4 32. Bxf4 Kh7 33. Qd4 f5 34. f3 Nd3 35. fxe4 Qg7+
36. Kh1 Qg4 37. exf5 Rxf5 38. Bh2 Qxh5 39. Qe4 Kg6 40. e6 Bc7 41. Qxf5+ Qxf5
42. Rxf5 {SeaHawk resigns} 1-0

[Event "ICS rated blitz match"]
[Site "204.178.125.65"]
[Date "2000.07.16"]
[Round "?"]
[White "KCtan"]
[Black "Hossa"]
[Result "0-1"]
[WhiteElo "2185"]
[BlackElo "2470"]
[PlyCount "67"]
[EventDate "2000.??.??"]

1. d4 Nf6 2. Nf3 e6 3. c3 d5 4. Bf4 Be7 5. e3 Ne4 6. Nbd2 g5 7. Bg3 Nxg3 8.
hxg3 Nd7 9. e4 g4 10. Ne5 Nxe5 11. dxe5 dxe4 12. Qxg4 e3 13. fxe3 Qd5 14. Qd4
Bc5 15. Qxd5 exd5 16. e4 Be6 17. exd5 Bxd5 18. Nf3 a5 19. Bd3 h6 20. Rh4 Rd8
21. Ke2 Kf8 22. Rah1 Rg8 23. Rxh6 Rxg3 24. Rh8+ Ke7 25. Rxd8 Rxg2+ 26. Ke1 Kxd8
27. Rh8+ Ke7 28. Nd4 Rxb2 29. a4 Bxd4 30. cxd4 Ra2 31. Rc8 Rxa4 32. Rxc7+ Ke6
33. Rc8 Rxd4 34. Ke2 {KCtan resigns} 0-1

[Event "ICS rated blitz match"]
[Site "204.178.125.65"]
[Date "2000.07.16"]
[Round "?"]
[White "Hossa"]
[Black "KCtan"]
[Result "0-1"]
[WhiteElo "2475"]
[BlackElo "2180"]
[PlyCount "134"]
[EventDate "2000.??.??"]

1. e4 c6 2. d4 d5 3. e5 Bf5 4. h4 h5 5. Ne2 e6 6. Ng3 Bg4 7. f3 Bf5 8. Nxf5
exf5 9. Bd3 g6 10. c3 Be7 11. g3 Nd7 12. Qe2 Nf8 13. Be3 Ne6 14. Qf2 Qb6 15. b4
a5 16. b5 cxb5 17. a3 Nc7 18. a4 bxa4 19. Rxa4 Bd8 20. O-O Ne7 21. Ra2 Qc6 22.
Rc1 b5 23. Na3 Nc8 24. Rb2 Na7 25. Bf1 Be7 26. Nc2 O-O 27. Qd2 Rfb8 28. Ra1 Nc8
29. Rba2 a4 30. Nb4 Bxb4 31. cxb4 Nb6 32. Bh6 Nc4 33. Qf2 Ne6 34. Rc2 Qb6 35.
Rd1 a3 36. Rcc1 Ra4 37. Rb1 Rba8 38. f4 Qb7 39. Rd3 Qe7 40. Qg2 Rd8 41. Rc3
Rxb4 42. Rd1 Rb2 43. Qf3 b4 44. Rcc1 Nd2 45. Qe3 Nxf1 46. Rxf1 Qa7 47. Rfd1 a2
48. Kh1 b3 49. Ra1 Rc8 50. Qf3 Rcc2 51. Qxd5 Rh2+ 52. Kg1 Rbg2+ 53. Qxg2 Rxg2+
54. Kxg2 b2 55. d5 bxa1=Q 56. Rxa1 Qa8 57. Kh2 Qxd5 58. Kh3 Qb3 59. Rf1 Qb1 60.
Kg2 a1=Q 61. Rxb1 Qxb1 62. Bg5 Qc2+ 63. Kg1 Nd4 64. e6 Qe2 65. exf7+ Kxf7 66.
Bd8 Nf3+ 67. Kh1 Qh2# {Hossa checkmated} 0-1

[Event "ICS rated blitz match"]
[Site "204.178.125.65"]
[Date "2000.07.16"]
[Round "?"]
[White "SWAPOVSKI"]
[Black "Hossa"]
[Result "0-1"]
[WhiteElo "1906"]
[BlackElo "2448"]
[PlyCount "96"]
[EventDate "2000.??.??"]

1. e4 c5 2. Nf3 e6 3. Nc3 Be7 4. b3 d5 5. Bb5+ Bd7 6. Bb2 d4 7. Bxd7+ Nxd7 8.
Ne2 Ngf6 9. d3 O-O 10. O-O Qc7 11. a4 Bd6 12. Ng3 Ne5 13. Nxe5 Bxe5 14. Bc1 Bf4
15. Qf3 Bxc1 16. Raxc1 Qe5 17. Rfe1 Qg5 18. Nf1 Nh5 19. g3 Nf6 20. Qg2 e5 21.
f3 Nd7 22. Qd2 Qh5 23. Qg2 f5 24. Nd2 Rac8 25. Rf1 f4 26. g4 Qg5 27. Qf2 Rc6
28. h4 Qe7 29. Kg2 Rh6 30. Rh1 Nb8 31. Nc4 Nc6 32. h5 Nb4 33. Qh4 g5 34. Qf2
Na2 35. Ra1 Nc3 36. Na3 Qd6 37. Nb1 Nxb1 38. Rhxb1 Rhf6 39. Qd2 R6f7 40. b4 Rc8
41. b5 c4 42. Ra2 Qe6 43. Rba1 cxd3 44. cxd3 Rfc7 45. Kf2 Rc3 46. Ke2 a5 47.
Kd1 Qb3+ 48. Ke2 Rc2 {SWAPOVSKI resigns} 0-1

[Event "ICS rated blitz match"]
[Site "204.178.125.65"]
[Date "2000.07.16"]
[Round "?"]
[White "Hossa"]
[Black "byttehnika-ru"]
[Result "1-0"]
[WhiteElo "2449"]
[BlackElo "2291"]
[PlyCount "87"]
[EventDate "2000.??.??"]

1. e4 c5 2. Nf3 d6 3. d4 cxd4 4. Nxd4 Nf6 5. Nc3 e6 6. g3 Bd7 7. Ndb5 Bc6 8. f3
a6 9. Nd4 Be7 10. Be3 O-O 11. Bg2 Bd7 12. O-O Nc6 13. Nxc6 Bxc6 14. Qd2 b5 15.
Rfd1 Qc7 16. a3 Rfd8 17. Rf1 d5 18. Qf2 Rab8 19. e5 Qxe5 20. Bf4 Qf5 21. Bxb8
Rxb8 22. g4 Qf4 23. Ne2 Qc7 24. g5 Nd7 25. f4 Bd6 26. Nd4 Nf8 27. Qe3 Ng6 28.
Ne2 Bd7 29. c3 a5 30. Rad1 b4 31. cxb4 axb4 32. Rc1 Qa5 33. a4 Qxa4 34. Ra1 Qc2
35. Rf2 Qxb2 36. Qa7 Be8 37. Nd4 Qc3 38. f5 Nh4 39. fxe6 fxe6 40. Nxe6 Nxg2 41.
Qxb8 Qxa1+ 42. Kxg2 Qa4 43. Qxd6 h6 44. Qf8+ 1-0

[Event "ICS rated blitz match"]
[Site "204.178.125.65"]
[Date "2000.07.16"]
[Round "?"]
[White "airouts"]
[Black "Hossa"]
[Result "0-1"]
[WhiteElo "1881"]
[BlackElo "2458"]
[PlyCount "38"]
[EventDate "2000.??.??"]

1. e4 c5 2. Nf3 e6 3. d4 cxd4 4. Nxd4 Nc6 5. Be3 Nf6 6. Nc3 Bb4 7. f3 O-O 8.
Qd3 Ne5 9. Qb5 Bxc3+ 10. bxc3 d5 11. Bd3 a6 12. Qb4 dxe4 13. fxe4 Nxd3+ 14.
cxd3 e5 15. Nf3 Qxd3 16. Bc5 Re8 17. Rd1 Qxe4+ 18. Qxe4 Nxe4 19. Bb4 a5 {
airouts resigns} 0-1